000 00688nam a2200205Ia 4500
003 GCL
008 140319s9999 xx 000 0 ara d
020 _a4251172977
040 _aGCL /
_cGCL
082 0 4 _a190
_bم م
100 1 _aمحمود ابو زيد
245 1 0 _aالمشكلة الاجتماعية فى فكر هنرى برجسون :
_bدراسة فى فلسفة التغير /
_cمحمود ابو زيد
260 _aالقاهرة :
_bمكتبة غريب ،
_c1989
300 _a141 ص ؛
_c24 سم
490 _aفلسفيات
_v1
650 0 4 _aالفلسفة
650 0 4 _aالفلسفة الحديثة
650 0 4 _aالحركات الفكرية
942 _2ddc
_cBK
999 _c41684
_d41684